Principios de los costes de la calidad / (Record no. 103122)
[ view plain ]
| 000 -CABECERA | |
|---|---|
| campo de control de longitud fija | 00979nam a2200229 a 4500 |
| 005 - FECHA Y HORA DE LA ÚLTIMA TRANSACCIÓN | |
| campo de control | 20210223125226.0 |
| 008 - ELEMENTOS DE LONGITUD FIJA--INFORMACIÓN GENERAL | |
| campo de control de longitud fija | 031119s1992 es r 000 0 spa d |
| 020 ## - NÚMERO INTERNACIONAL NORMALIZADO PARA LIBROS | |
| Número Internacional Estándar del Libro | 8479780363 |
| 035 ## - NÚMERO DE CONTROL DEL SISTEMA | |
| Número de control de sistema | UPN01000130967 |
| 049 ## - COLECCIÓN | |
| Colección | CG |
| 050 #4 - SIGNATURA TOPOGRÁFICA DE LA BIBLIOTECA DEL CONGRESO | |
| Número de clasificación | TS156 |
| Número de documento/Ítem | C3.6 |
| 100 1# - ASIENTO PRINCIPAL--NOMBRE PERSONAL | |
| Nombre de persona | Campanella, Jack |
| 245 10 - MENCIÓN DE TÍTULO | |
| Título | Principios de los costes de la calidad / |
| Mención de responsabilidad, etc. | Jack Campanella ; tr. Jesús Nicolau Medina. |
| 260 ## - PUBLICACIÓN, DISTRIBUCIÓN, ETC. | |
| Lugar de publicación, distribución, etc. | Madrid : |
| Nombre del editor, distribuidor, etc. | Díaz de Santos, |
| Fecha de publicación, distribución, etc. | 1992. |
| 300 ## - DESCRIPCIÓN FÍSICA | |
| Extensión | x, 282 p. : |
| Otras características físicas | cuadros, gráfs. |
| 500 ## - NOTA GENERAL | |
| Nota general | Patrocinado por la Sociedad Americana para el control de Calidad, Comité de Costes de la Calidad, División de Dirección |
| 534 ## - NOTA SOBRE LA VERSIÓN ORIGINAL | |
| Frase introductoria | Traducción de: |
| Mención de título del original | Principles of quality costs : priciples, implementation, and use |
| 650 #4 - ASIENTO SECUNDARIO DE MATERIA - TERMINO TEMATICO | |
| Término de materia o nombre geográfico como elemento de entrada | CONTROL DE CALIDAD - |
| Subdivisión general | COSTOS - |
| Subdivisión de forma | ESTUDIO DE CASOS |
| 9 (RLIN) | 12353 |
| 650 #4 - ASIENTO SECUNDARIO DE MATERIA - TERMINO TEMATICO | |
| Término de materia o nombre geográfico como elemento de entrada | INDUSTRIAS DE SERVICIO - |
| Subdivisión general | CONTROL DE CALIDAD - |
| -- | COSTOS - |
| Subdivisión de forma | ESTUDIO DE CASOS |
| 650 #4 - ASIENTO SECUNDARIO DE MATERIA - TERMINO TEMATICO | |
| Término de materia o nombre geográfico como elemento de entrada | MANUFACTURAS - |
| Subdivisión general | CONTROL DE CALIDAD - |
| -- | COSTOS - |
| Subdivisión de forma | ESTUDIO DE CASOS |
| 905 ## - TIPO DE MATERIAL | |
| Tipo de material | Libro |
| Estado de retiro | Estado de pérdida | Fuente del sistema de clasificación o colocación | Estado dañado | No para préstamo | Código de colección | Localización permanente | Ubicación/localización actual | Ubicación en estantería | Total de préstamos | Clasificación | Código de barras | Fecha visto por última vez | Número de copia | Tipo de ítem Koha |
|---|---|---|---|---|---|---|---|---|---|---|---|---|---|---|
| Library of Congress Classification | Colección General | Bib. Gregorio Torres Quintero | Bib. Gregorio Torres Quintero | Planta baja | 1 | TS156 C3.6 | 220091 | 31/12/2020 | 1 | Libro |
